| 000 | 00514nam a2200181Ia 4500 | ||
|---|---|---|---|
| 003 | GCL | ||
| 008 | 140319s9999 xx 000 0 ara d | ||
| 040 |
_aGCL / _cGCL |
||
| 082 | 0 | 4 |
_a910.133 _bا د |
| 100 | 1 | _aاحمد حبيب رسول | |
| 245 | 1 | 0 |
_aدراسات فى جغرافية النقل / _cاحمد حبيب رسول |
| 300 | _a180 ص | ||
| 490 |
_aكتاب _v0 |
||
| 650 | 0 | 4 | _aالجغرافيا الاقتصادية |
| 650 | 0 | 4 | _aالنقل |
| 650 | 0 | 4 | _aالاوتوبيسات |
| 942 |
_2ddc _cBK |
||
| 999 |
_c41602 _d41602 |
||